50 Biggest Cities in Delaware - Statistics

General Stats
  • This quiz has been taken 7 times
  • The average score is 16 of 50
Answer Stats
# Pop. City % Correct
2 40,387 Dover
100%
1 73,759 Wilmington
100%
4 26,259 Middletown
86%
5 14,771 Milford
86%
6 13,415 Smyrna
86%
3 30,483 Newark
71%
8 8,324 Georgetown
57%
16 3,882 Milton
57%
29 1,292 Rehoboth Beach
57%
33 1,114 Bethany Beach
43%
14 4,307 Camden
43%
23 2,337 Delmar
43%
40 416 Dewey Beach
43%
42 400 Fenwick Island
43%
13 4,519 Laurel
43%
17 3,797 Lewes
43%
11 5,758 New Castle
43%
43 366 Odessa
43%
7 9,194 Seaford
43%
20 2,992 Bridgeville
29%
25 1,945 Delaware City
29%
10 6,236 Elsmere
29%
31 1,155 Greenwood
29%
15 3,973 Harrington
29%
9 8,094 Millsboro
29%
19 3,113 Ocean View
29%
18 3,379 Selbyville
29%
48 254 Slaughter Beach
29%
45 288 Bowers
14%
22 2,687 Cheswold
14%
12 4,641 Clayton
14%
34 1,016 Dagsboro
14%
37 571 Ellendale
14%
27 1,389 Felton
14%
35 930 Frankford
14%
32 1,141 Frederica
14%
41 407 Houston
14%
44 292 Magnolia
14%
24 2,170 Millville
14%
21 2,990 Townsend
14%
39 438 Arden
0%
49 235 Ardencroft
0%
47 259 Ardentown
0%
30 1,255 Bellefonte
0%
46 274 Bethel
0%
28 1,367 Blades
0%
50 225 Kenton
0%
36 909 Newport
0%
38 535 South Bethany
0%
26 1,912 Wyoming
0%
No matching quizzes found
Score Distribution
Percent of People with Each Score
Percentile by Number Answered
Your Score History
You have not taken this quiz